| 000 | 00476nam a22001697a 4500 | ||
|---|---|---|---|
| 003 | OSt | ||
| 005 | 20250107174007.0 | ||
| 008 | 250107b |||||||| |||| 00| 0 eng d | ||
| 020 | _a9788323780911 | ||
| 040 |
_aSRHU _bEnglish _cSatish Serial Publication |
||
| 082 | _28th | ||
| 245 |
_aYouman & winn Neurological Surgery VOL 3 _c Winn Richard H |
||
| 250 | _a8th | ||
| 260 |
_aPhildelphia _b Elsevier _c2023 |
||
| 300 |
_acx 2895p _c28cm |
||
| 942 |
_2ddc _cNEUROSURG _e8th |
||
| 999 |
_c19302 _d19302 |
||